Geschlechtsidentitäten - LGBTQ+ - Statistiken

Allgemein
  • Dieses Quiz wurde 307 mal gespielt
  • Das Durchschnittsergebnis liegt bei 4 aus 7
Antwortstatistiken
Beschreibung Geschlechtsidentität % Korrekt
Überbegriff für Personen, die sich nicht mit dem bei der Geburt zugewiesenden Geschlecht identifizieren: Trans*
94%
Identifikation mit dem bei der Geburt zugewiesenden Geschlecht: Cisgeschlechtlich
77%
Eine Identität außerhalb der Geschlechtsnormen, weder Mann noch Frau: Nicht binär
73%
Eine sich ändernde Geschlechtsidentifikation: Genderfluid
55%
Eine Person ohne Geschlecht oder mit neutralem Geschlecht: Agender
36%
Identifikation mit zwei Geschlechtern: Bigender
34%
Ein autonomes Geschlecht, welches weder männlich noch weiblich ist: Maverique
2%
Keine übereinstimmenden Quizze gefunden
Verteilung der Resultate
Anzahl Personen mit jedem Resultat
Perzentil nach korrekt beantworteten Fragen
Ihre Resultats-Entwicklung
Sie haben dieses Quiz noch nicht gespielt